[Event "Tula Rjazanov Memorial"]
[Site "Tula"]
[Date "2016.02.09"]
[Round "4"]
[White "Leonov, Mikhail A"]
[Black "Sotnikov, Alexey"]
[Result "1/2-1/2"]
[WhiteElo "1979"]
[BlackElo "1987"]
[PlyCount "67"]
[EventDate "2016.02.05"]
[EventType "swiss"]
[EventRounds "9"]
[EventCountry "RUS"]
[SourceTitle "CBM 171 Extra"]
[Source "ChessBase"]
[SourceDate "2016.04.26"]
[SourceVersion "1"]
[SourceVersionDate "2016.04.26"]
[SourceQuality "1"]

1. d4 d5 2. e3 Nc6 3. f4 Bf5 4. Nf3 Nf6 5. c3 e6 6. Be2 Be7 7. 0-0 a6 8. Ne5 0-0 9. Nd2 Ne4 10. Nxe4 Bxe4 11. Bf3 Bxf3 12. Qxf3 Nxe5 13. fxe5 f6 14. exf6 Rxf6 15. Qg4 Rxf1+ 16. Kxf1 Qf8+ 17. Kg1 Qf7 18. e4 Rf8 19. Be3 Bd6 20. e5 Be7 21. Qe2 c6 22. Rf1 Qxf1+ 23. Qxf1 Rxf1+ 24. Kxf1 b5 25. Ke2 Kf7 26. Kd3 Kg6 27. g4 h5 28. h3 hxg4 29. hxg4 Bg5 30. Bf2 Bc1 31. Kc2 Bf4 32. Bh4 a5 33. b3 Bg5 34. Bg3 1/2-1/2

[Event "Bogoroditsk 07"]
[Site "Bogoroditsk"]
[Date "2013.07.10"]
[Round "12"]
[White "Tishin, Petr"]
[Black "Leonov, Mikhail A"]
[Result "1-0"]
[WhiteElo "2425"]
[BlackElo "2092"]
[PlyCount "115"]
[EventDate "2013.07.03"]
[EventType "tourn"]
[EventRounds "13"]
[EventCountry "RUS"]
[EventCategory "2"]
[SourceTitle "EXT 2014"]
[Source "ChessBase"]
[SourceDate "2013.11.20"]
[SourceVersion "1"]
[SourceVersionDate "2013.11.20"]
[SourceQuality "1"]

1. d4 Nf6 2. c4 e6 3. Nc3 d5 4. Bg5 c5 5. cxd5 cxd4 6. Qxd4 Be7 7. e4 Nc6 8. Qd2 Nxe4 9. Nxe4 exd5 10. Bxe7 Qxe7 11. Qxd5 0-0 12. f3 Nb4 13. Qc5 Qxc5 14. Nxc5 Nc2+ 15. Kd2 Nxa1 16. Bd3 Rd8 17. Ne4 Be6 18. Nh3 Bxa2 19. Rxa1 Bc4 20. Nhf2 f5 21. Nc5 b6 22. Ke3 Bxd3 23. Ncxd3 Re8+ 24. Kf4 g6 25. g4 fxg4 26. fxg4 Re2 27. Kf3 Rc2 28. Ra4 a5 29. h4 Kg7 30. Rd4 Rf8+ 31. Ke3 Re8+ 32. Ne4 Rh2 33. Rd7+ Kf8 34. Rd6 Rh3+ 35. Kf4 Rxh4 36. Rxb6 Rh1 37. Rf6+ Kg7 38. Ra6 g5+ 39. Ke3 h5 40. gxh5 Rxh5 41. Ra7+ Kh8 42. Kd4 Rd8+ 43. Kc4 Rh4 44. Re7 g4 45. Ne5 Rg8 46. Nf7+ Kg7 47. Nfd6+ Kh8 48. Nf5 Rh1 49. Rb7 Rf8 50. Neg3 Rh2 51. Kd4 a4 52. Ke5 Re8+ 53. Kf4 Rd8 54. Ne4 Rf8 55. Rb5 Rh1 56. Nc3 a3 57. bxa3 Rh3 58. Rc5 1-0

[Event "Bogoroditsk 07"]
[Site "Bogoroditsk"]
[Date "2013.07.07"]
[Round "7"]
[White "Leonov, Mikhail A"]
[Black "Vasiliev, Vladimir P"]
[Result "0-1"]
[WhiteElo "2092"]
[BlackElo "2351"]
[PlyCount "112"]
[EventDate "2013.07.03"]
[EventType "tourn"]
[EventRounds "13"]
[EventCountry "RUS"]
[EventCategory "2"]
[SourceTitle "EXT 2014"]
[Source "ChessBase"]
[SourceDate "2013.11.20"]
[SourceVersion "1"]
[SourceVersionDate "2013.11.20"]
[SourceQuality "1"]

1. e4 c5 2. Nf3 Nc6 3. d4 cxd4 4. Nxd4 e5 5. Nb5 d6 6. c4 Be7 7. N1c3 a6 8. Na3 Be6 9. Be2 Bg5 10. Bxg5 Qxg5 11. 0-0 Rd8 12. Nd5 Nf6 13. Nxf6+ Qxf6 14. Qd3 0-0 15. Nc2 Ne7 16. f3 Ng6 17. Rad1 Nf4 18. Qd2 Qg5 19. Bd3 b5 20. cxb5 d5 21. exd5 Bxd5 22. Kh1 e4 23. fxe4 Bxe4 24. Bxe4 Rxd2 25. Rxd2 axb5 26. Rfd1 Qc5 27. Nd4 Ne6 28. Nf5 g6 29. Nd6 b4 30. Bf3 Rb8 31. Ne4 Qa5 32. a3 bxa3 33. bxa3 Qxa3 34. Rd7 Qa4 35. Nc3 Qc2 36. Ne4 Rb1 37. Rxb1 Qxb1+ 38. Rd1 Qb6 39. Nd2 Kg7 40. Ne4 f5 41. Ng3 Kf6 42. Ne2 Qe3 43. Ng1 Nc5 44. h3 Ne4 45. Bxe4 fxe4 46. Rd7 h5 47. Rd8 h4 48. Rb8 Qd2 49. Rf8+ Ke5 50. Kh2 Qd6 51. Rf1 Kd4+ 52. Kh1 Qe5 53. Re1 Kd3 54. Re2 Qa1 55. Kh2 e3 56. Kh1 Qxg1+ 0-1

[Event "Bogoroditsk 07"]
[Site "Bogoroditsk"]
[Date "2013.07.04"]
[Round "3"]
[White "Leonov, Mikhail A"]
[Black "Kurilin, Alexander"]
[Result "0-1"]
[WhiteElo "2092"]
[BlackElo "2281"]
[PlyCount "114"]
[EventDate "2013.07.03"]
[EventType "tourn"]
[EventRounds "13"]
[EventCountry "RUS"]
[EventCategory "2"]
[SourceTitle "EXT 2014"]
[Source "ChessBase"]
[SourceDate "2013.11.20"]
[SourceVersion "1"]
[SourceVersionDate "2013.11.20"]
[SourceQuality "1"]

1. e4 e5 2. f4 Bc5 3. Nf3 d6 4. c3 Nf6 5. d4 exd4 6. cxd4 Bb6 7. Nc3 0-0 8. Bd3 Bg4 9. Be3 Nc6 10. Qd2 Bxf3 11. gxf3 Nxd4 12. Bxd4 Bxd4 13. 0-0-0 Nh5 14. Kb1 Qh4 15. f5 c6 16. Be2 Be5 17. Rdg1 d5 18. exd5 Qf4 19. Qxf4 Nxf4 20. Bc4 b5 21. Bb3 b4 22. Ne2 Nxd5 23. Rd1 Rfd8 24. Rhe1 Ne3 25. Rxd8+ Rxd8 26. Ng3 Bd4 27. Ne4 Nxf5 28. Ng5 Nd6 29. Re7 Kf8 30. Rc7 Bb6 31. Rxc6 h6 32. Ne4 Nf5 33. Rc4 Nd4 34. Nd2 Nxb3 35. Nxb3 Rd3 36. Rxb4 Rxf3 37. Nd2 Rh3 38. Nf1 Bg1 39. Rb8+ Ke7 40. Kc2 Bxh2 41. Rb7+ Ke6 42. Rxa7 Bf4 43. Ra6+ Kd5 44. Ra5+ Kd6 45. Ra6+ Kc5 46. Ra5+ Kb4 47. Rf5 g5 48. Kd1 Rd3+ 49. Ke2 Rd7 50. Kf2 Bc1 51. b3 h5 52. a4 h4 53. Rb5+ Kc3 54. a5 Bf4 55. a6 h3 56. Rb7 h2 57. Nxh2 Rxb7 0-1

[Event "Bogoroditsk 07"]
[Site "Bogoroditsk"]
[Date "2013.07.04"]
[Round "2"]
[White "Menshov, Vladimir"]
[Black "Leonov, Mikhail A"]
[Result "1-0"]
[WhiteElo "2366"]
[BlackElo "2092"]
[PlyCount "27"]
[EventDate "2013.07.03"]
[EventType "tourn"]
[EventRounds "13"]
[EventCountry "RUS"]
[EventCategory "2"]
[SourceTitle "EXT 2014"]
[Source "ChessBase"]
[SourceDate "2013.11.20"]
[SourceVersion "1"]
[SourceVersionDate "2013.11.20"]
[SourceQuality "1"]

1. e4 e5 2. Nf3 Nc6 3. d4 exd4 4. Nxd4 Bc5 5. Nxc6 Qf6 6. Qf3 Qxc6 7. Nc3 Bb4 8. Bd2 Nf6 9. Bd3 0-0 10. 0-0 d6 11. Nd5 Nxd5 12. exd5 Qb6 13. Qe4 f5 14. Qxb4 1-0

[Event "Bogoroditsk 07"]
[Site "Bogoroditsk"]
[Date "2013.07.03"]
[Round "1"]
[White "Leonov, Mikhail A"]
[Black "Moiseev, Viktor"]
[Result "0-1"]
[WhiteElo "2092"]
[BlackElo "2425"]
[PlyCount "102"]
[EventDate "2013.07.03"]
[EventType "tourn"]
[EventRounds "13"]
[EventCountry "RUS"]
[EventCategory "2"]
[SourceTitle "EXT 2014"]
[Source "ChessBase"]
[SourceDate "2013.11.20"]
[SourceVersion "1"]
[SourceVersionDate "2013.11.20"]
[SourceQuality "1"]

1. e4 c5 2. f4 d5 3. Nf3 dxe4 4. Ng5 Nf6 5. Bc4 Bg4 6. Bxf7+ Kd7 7. Qxg4+ Nxg4 8. Be6+ Kc6 9. Bxg4 g6 10. Nf7 Qd4 11. Nxh8 Qxh8 12. 0-0 Qd4+ 13. Kh1 Na6 14. a3 Bh6 15. Nc3 Rd8 16. Be2 Kb6 17. h3 Rf8 18. d3 exd3 19. Bxd3 Nc7 20. Bd2 e5 21. Rad1 a6 22. Bc1 exf4 23. Bxa6 Qe5 24. Bc4 Ka7 25. Bd3 Rd8 26. Rde1 Qf6 27. Ne4 Qb6 28. Bxf4 Bxf4 29. Rxf4 Qxb2 30. Rf7 Kb8 31. Nf6 c4 32. Bxc4 Qc3 33. Re4 Qxc2 34. Kh2 Rd6 35. Rf4 Qc1 36. Rf8+ Ka7 37. Nxh7 Rd1 38. a4 Rh1+ 39. Kg3 Qe1+ 40. Kg4 Rg1 41. Rf2 Qe4+ 42. R8f4 Rxg2+ 43. Rxg2 Qxg2+ 44. Kh4 Ne8 45. Ng5 Qd2 46. Ne6 Nd6 47. Bb3 Qe3 48. Rf6 Nf5+ 49. Rxf5 gxf5 50. Bd5 Qd2 51. Bc4 Qb4 0-1

[Event "Tula 12"]
[Site "Tula"]
[Date "2010.12.10"]
[Round "13"]
[White "Leonov, Mikhail A"]
[Black "Tishin, Petr"]
[Result "0-1"]
[WhiteElo "2268"]
[BlackElo "2400"]
[PlyCount "134"]
[EventDate "2010.12.03"]
[EventType "tourn"]
[EventRounds "13"]
[EventCountry "RUS"]
[EventCategory "6"]
[SourceTitle "CBM 140 Extra"]
[Source "ChessBase"]
[SourceDate "2011.03.01"]
[SourceVersion "1"]
[SourceVersionDate "2011.03.01"]
[SourceQuality "1"]

1. d4 d5 2. c4 Nc6 3. e3 e5 4. cxd5 Qxd5 5. Nc3 Bb4 6. Bd2 Bxc3 7. bxc3 Nf6 8. c4 Qd6 9. d5 Nb8 10. Nf3 0-0 11. Be2 Na6 12. 0-0 Bf5 13. Bc3 Rfe8 14. a4 Ne4 15. Bb2 Nac5 16. a5 Rad8 17. Ba3 c6 18. Qc1 cxd5 19. cxd5 Qxd5 20. Rd1 Nb3 21. Rxd5 Nxc1 22. Bc4 Ne2+ 23. Kf1 N2c3 24. Rxd8 Rxd8 25. Nxe5 Nd2+ 26. Ke1 Nxc4 27. Nxc4 Nb5 28. Bb4 f6 29. f3 Rc8 30. Nd6 Nxd6 31. Bxd6 Rc2 32. Kf1 Kf7 33. Rd1 Bd7 34. Bb4 Bb5+ 35. Kg1 Rb2 36. Bc5 Ra2 37. Bxa7 Rxa5 38. Bc5 Ra2 39. Rb1 Bc6 40. Bb6 Ke6 41. Kf1 g5 42. h3 h5 43. Bd4 b5 44. Ra1 Rc2 45. Ra6 f5 46. Kg1 g4 47. h4 gxf3 48. gxf3 Kd5 49. Bh8 Kc5 50. Bd4+ Kb4 51. f4 Kb3 52. Rb6 b4 53. Bf6 Ka4 54. Be7 b3 55. Rb4+ Ka3 56. Rb5+ Ka2 57. Ra5+ Kb1 58. Rxf5 Kc1 59. Rxh5 Kd2 60. Bf6 Kxe3 61. Ra5 Rg2+ 62. Kf1 Rh2 63. Rg5 b2 64. Bxb2 Rxb2 65. Re5+ Be4 66. Kg1 Rb1+ 67. Kh2 Kxf4 0-1

[Event "Tula 12"]
[Site "Tula"]
[Date "2010.12.04"]
[Round "2"]
[White "Leonov, Mikhail A"]
[Black "Stepanov, Alexander M"]
[Result "1/2-1/2"]
[WhiteElo "2268"]
[BlackElo "2381"]
[PlyCount "78"]
[EventDate "2010.12.03"]
[EventType "tourn"]
[EventRounds "13"]
[EventCountry "RUS"]
[EventCategory "6"]
[SourceTitle "CBM 140 Extra"]
[Source "ChessBase"]
[SourceDate "2011.03.01"]
[SourceVersion "1"]
[SourceVersionDate "2011.03.01"]
[SourceQuality "1"]

1. c4 e5 2. Nc3 Nc6 3. Nf3 Nf6 4. g3 Nd4 5. Bg2 Nxf3+ 6. Bxf3 Bc5 7. 0-0 0-0 8. d3 h6 9. Rb1 d6 10. b4 Bb6 11. Bd2 c6 12. b5 d5 13. bxc6 bxc6 14. cxd5 cxd5 15. Na4 Bh3 16. Bg2 Bxg2 17. Kxg2 Re8 18. Qb3 e4 19. dxe4 Nxe4 20. Qd3 d4 21. Rfd1 Qf6 22. f3 Nxd2 23. Rxd2 Ba5 24. Rdb2 Rac8 25. Rc2 Bc3 26. Rbc1 Red8 27. Nxc3 dxc3 28. Qe3 Re8 29. Qxa7 Rcd8 30. Qf2 Rd2 31. Rxd2 cxd2 32. Rd1 Qb2 33. e4 Rd8 34. a4 Qc2 35. Qe2 Qa2 36. Kf1 Rd4 37. Kg2 Rd8 38. Kf1 Rd4 39. Kg2 Rd8 1/2-1/2

[Event "Tula 12"]
[Site "Tula"]
[Date "2010.12.04"]
[Round "3"]
[White "Moiseev, Viktor"]
[Black "Leonov, Mikhail A"]
[Result "1-0"]
[WhiteElo "2414"]
[BlackElo "2268"]
[PlyCount "111"]
[EventDate "2010.12.03"]
[EventType "tourn"]
[EventRounds "13"]
[EventCountry "RUS"]
[EventCategory "6"]
[SourceTitle "CBM 140 Extra"]
[Source "ChessBase"]
[SourceDate "2011.03.01"]
[SourceVersion "1"]
[SourceVersionDate "2011.03.01"]
[SourceQuality "1"]

1. e4 e5 2. Nf3 Nc6 3. Bb5 a6 4. Ba4 Nf6 5. 0-0 Be7 6. Re1 b5 7. Bb3 0-0 8. c3 d6 9. h3 Bb7 10. d4 Re8 11. Nbd2 Bf8 12. a3 h6 13. Bc2 g6 14. b4 Bg7 15. Bb2 Rc8 16. Nb3 Qe7 17. d5 Nb8 18. a4 c6 19. dxc6 Bxc6 20. Na5 Ba8 21. axb5 axb5 22. Nc4 Bxe4 23. Nxd6 Rcd8 24. Nxe8 Rxd1 25. Nxf6+ Bxf6 26. Bxd1 Qb7 27. Be2 Nd7 28. Bc1 Kg7 29. Ra5 Bc6 30. Be3 Nf8 31. Ra7 Qb8 32. c4 Ne6 33. cxb5 Bxb5 34. Bxb5 Qxb5 35. Rd1 Qxb4 36. Rdd7 Nd8 37. Nd2 h5 38. Kh2 h4 39. Ra6 g5 40. Rxf6 Kxf6 41. Rxd8 Ke7 42. Rc8 Kf6 43. Rg8 Ke6 44. Bxg5 f6 45. Be3 Qe7 46. Ne4 Qh7 47. Re8+ Kf7 48. Rxe5 Qg6 49. Nd6+ Kf8 50. Re6 Qh5 51. Rxf6+ Ke7 52. Rh6 Qe5+ 53. f4 Qc3 54. Bf2 Kd7 55. Bxh4 Qd4 56. Bg5 1-0

[Event "Tula"]
[Site "Tula"]
[Date "2010.08.18"]
[Round "11"]
[White "Moiseev, Viktor"]
[Black "Leonov, Mikhail A"]
[Result "1-0"]
[WhiteElo "2415"]
[BlackElo "2305"]
[PlyCount "43"]
[EventDate "2010.08.11"]
[EventType "tourn"]
[EventRounds "13"]
[EventCountry "RUS"]
[EventCategory "6"]
[SourceTitle "CBM 138 Extra"]
[Source "ChessBase"]
[SourceDate "2010.10.29"]
[SourceVersion "1"]
[SourceVersionDate "2010.10.29"]
[SourceQuality "1"]

1. d4 Nf6 2. Bg5 e6 3. e4 Be7 4. e5 Nd5 5. Bxe7 Nxe7 6. Qg4 Ng6 7. Nf3 Nc6 8. Nc3 d6 9. Bd3 dxe5 10. dxe5 Qe7 11. 0-0-0 Bd7 12. Bxg6 hxg6 13. Rd3 0-0-0 14. Rhd1 Nb4 15. R3d2 Bc6 16. Nd4 Bd7 17. Nf3 Bc6 18. Nd4 Bd5 19. Nxd5 Nxd5 20. Nb5 Kb8 21. Qd4 Nb6 22. Qxd8+ 1-0

[Event "Tula"]
[Site "Tula"]
[Date "2010.08.13"]
[Round "3"]
[White "Stepanov, Alexander M"]
[Black "Leonov, Mikhail A"]
[Result "1-0"]
[WhiteElo "2405"]
[BlackElo "2305"]
[PlyCount "87"]
[EventDate "2010.08.11"]
[EventType "tourn"]
[EventRounds "13"]
[EventCountry "RUS"]
[EventCategory "6"]
[SourceTitle "CBM 138 Extra"]
[Source "ChessBase"]
[SourceDate "2010.10.29"]
[SourceVersion "1"]
[SourceVersionDate "2010.10.29"]
[SourceQuality "1"]

1. Nf3 d5 2. g3 Nf6 3. Bg2 Bf5 4. 0-0 e6 5. d3 h6 6. Nbd2 Be7 7. Qe1 0-0 8. e4 Bh7 9. Qe2 c5 10. Ne5 Nbd7 11. Nxd7 Qxd7 12. e5 Ne8 13. f4 Nc7 14. Nf3 Rac8 15. g4 b6 16. Ne1 Rfd8 17. c3 b5 18. Qf2 a5 19. f5 exf5 20. gxf5 b4 21. f6 gxf6 22. exf6 Bd6 23. Qh4 bxc3 24. bxc3 d4 25. Qxh6 Qg4 26. Kh1 Bf8 27. Bh3 Bxh6 28. Bxg4 Bxc1 29. Bxc8 Be3 30. Bf5 dxc3 31. Nc2 Bh6 32. Rg1+ Kh8 33. Bxh7 Kxh7 34. Rab1 Rxd3 35. Rb7 Rd7 36. Rg4 Rd1+ 37. Kg2 Rd2+ 38. Kg3 Rxc2 39. Rxc7 Rc1 40. Rxf7+ Kh8 41. Kh3 c2 42. Rg6 Bf4 43. Rf8+ Kh7 44. Rg7+ 1-0

[Event "Donskoj"]
[Site "Donskoj"]
[Date "2007.07.16"]
[Round "13"]
[White "Sotnikov, Alexey"]
[Black "Leonov, Mikhail A"]
[Result "0-1"]
[WhiteElo "2340"]
[BlackElo "2411"]
[PlyCount "100"]
[EventDate "2007.07.09"]
[EventType "tourn"]
[EventRounds "13"]
[EventCountry "RUS"]
[EventCategory "4"]
[SourceTitle "EXT 2009"]
[Source "ChessBase"]
[SourceDate "2008.11.26"]
[SourceVersion "1"]
[SourceVersionDate "2008.11.26"]
[SourceQuality "1"]

1. e4 e5 2. Nf3 Nf6 3. Nc3 Nc6 4. Bb5 Bb4 5. 0-0 0-0 6. d3 d6 7. Bg5 Bxc3 8. bxc3 Qe7 9. Re1 Nd8 10. d4 Ne6 11. Bc1 Rd8 12. d5 Nc5 13. Nd2 a6 14. Bd3 Bd7 15. Nb3 Na4 16. c4 c5 17. Qf3 h6 18. h3 Rab8 19. Bd2 Rdc8 20. Rab1 b6 21. Kh2 Kf8 22. Nc1 b5 23. cxb5 c4 24. Bf1 axb5 25. Ne2 Nh7 26. Nc3 Nxc3 27. Qxc3 Kg8 28. Rb4 Ra8 29. a3 Qh4 30. g3 Qf6 31. f4 exf4 32. gxf4 Qxc3 33. Bxc3 Rxa3 34. Bd4 Nf6 35. Bxf6 gxf6 36. Rb2 Rca8 37. Bg2 Kf8 38. Re2 R8a4 39. Rb1 Ke7 40. e5 fxe5 41. fxe5 dxe5 42. Rxe5+ Kd8 43. d6 Rc3 44. Rb2 Ra6 45. Rd5 f5 46. Rd4 Re3 47. Kg1 Re1+ 48. Kf2 Rc1 49. Ke3 Ra3+ 50. Kf2 c3 0-1

[Event "Donskoj"]
[Site "Donskoj"]
[Date "2007.07.09"]
[Round "1"]
[White "Leonov, Mikhail A"]
[Black "Ivanov, Alexander Al"]
[Result "0-1"]
[WhiteElo "2411"]
[BlackElo "2372"]
[PlyCount "44"]
[EventDate "2007.07.09"]
[EventType "tourn"]
[EventRounds "13"]
[EventCountry "RUS"]
[EventCategory "4"]
[SourceTitle "EXT 2009"]
[Source "ChessBase"]
[SourceDate "2008.11.26"]
[SourceVersion "1"]
[SourceVersionDate "2008.11.26"]
[SourceQuality "1"]

1. e4 c5 2. Nf3 Nc6 3. d4 cxd4 4. Nxd4 Nf6 5. Nc3 e5 6. Ndb5 d6 7. Bg5 a6 8. Na3 b5 9. Nd5 Be7 10. Bxf6 Bxf6 11. c4 b4 12. Nc2 a5 13. Be2 0-0 14. 0-0 Bg5 15. Qd3 Be6 16. Rad1 Rb8 17. b3 g6 18. Bf3 Qd7 19. g3 f5 20. exf5 Bxf5 21. Qe2 Bxc2 22. Qxc2 Rxf3 0-1

[Event "Tula Kotov Memorial"]
[Site "Tula"]
[Date "2007.07.08"]
[Round "13"]
[White "Leonov, Mikhail A"]
[Black "Saulin, Dmitri"]
[Result "0-1"]
[WhiteElo "2441"]
[BlackElo "2400"]
[PlyCount "36"]
[EventDate "2007.06.30"]
[EventType "tourn"]
[EventRounds "13"]
[EventCountry "RUS"]
[EventCategory "9"]
[SourceTitle "CBM 119 Extra"]
[Source "ChessBase"]
[SourceDate "2007.09.04"]
[SourceVersion "1"]
[SourceVersionDate "2007.09.04"]
[SourceQuality "1"]

1. e4 d5 2. exd5 Nf6 3. Bb5+ Bd7 4. Be2 Nxd5 5. d4 Bf5 6. Nf3 e6 7. 0-0 Be7 8. a3 0-0 9. c4 Nb6 10. Nc3 Nc6 11. Be3 Bf6 12. h3 h6 13. Qd2 Qe7 14. Bxh6 gxh6 15. Qxh6 Nxd4 16. Nxd4 Bxd4 17. Rad1 Bg7 18. Nd5 Nxd5 0-1

[Event "Tula Kotov Memorial"]
[Site "Tula"]
[Date "2007.07.01"]
[Round "3"]
[White "Leonov, Mikhail A"]
[Black "Arzumanian, Georgy"]
[Result "0-1"]
[WhiteElo "2441"]
[BlackElo "2487"]
[PlyCount "72"]
[EventDate "2007.06.30"]
[EventType "tourn"]
[EventRounds "13"]
[EventCountry "RUS"]
[EventCategory "9"]
[SourceTitle "CBM 119 Extra"]
[Source "ChessBase"]
[SourceDate "2007.09.04"]
[SourceVersion "1"]
[SourceVersionDate "2007.09.04"]
[SourceQuality "1"]

1. e4 c5 2. Nf3 Nc6 3. Nc3 d6 4. Bb5 Bd7 5. Bxc6 Bxc6 6. d3 g6 7. Be3 Bg7 8. Qd2 e5 9. h3 b6 10. a4 Qd7 11. Qe2 Ne7 12. Qd2 h6 13. Qe2 0-0 14. Qd2 Kh7 15. Ng1 f5 16. f3 d5 17. Bf2 dxe4 18. 0-0-0 exd3 19. Qxd3 Qxd3 20. Rxd3 Rad8 21. Rxd8 Rxd8 22. Nge2 g5 23. Rd1 Rxd1+ 24. Kxd1 Kg6 25. Kd2 Nc8 26. Kd3 Nd6 27. b3 h5 28. Bg3 h4 29. Bf2 e4+ 30. fxe4 Nxe4 31. Nxe4 Bxe4+ 32. Kc4 Bxg2 33. Ng1 Bf6 34. a5 g4 35. hxg4 fxg4 36. axb6 axb6 0-1

[Event "St Petersburg White Nights op"]
[Site "St Petersburg"]
[Date "2007.06.27"]
[Round "3"]
[White "Leonov, Mikhail A"]
[Black "Chernov, Yury"]
[Result "1/2-1/2"]
[WhiteElo "2446"]
[BlackElo "2254"]
[PlyCount "85"]
[EventDate "2007.06.25"]
[EventType "swiss"]
[EventRounds "9"]
[EventCountry "RUS"]
[SourceTitle "CBM 119 Extra"]
[Source "ChessBase"]
[SourceDate "2007.09.04"]
[SourceVersion "1"]
[SourceVersionDate "2007.09.04"]
[SourceQuality "1"]

1. e4 c5 2. Nf3 Nc6 3. d4 cxd4 4. Nxd4 g6 5. Be3 Bg7 6. Nc3 Nf6 7. Qd2 0-0 8. 0-0-0 d5 9. exd5 Nxd5 10. Nxc6 bxc6 11. Nxd5 cxd5 12. Qxd5 Qc7 13. Qc5 Qb7 14. Bd4 Bf5 15. Qb5 Qe4 16. Qe2 Bxd4 17. Qxe4 Bxb2+ 18. Kxb2 Rab8+ 19. Ka1 Bxe4 20. Rc1 Rfd8 21. f3 Bxc2 22. Bc4 Rd2 23. Rhe1 e6 24. Re2 Rxe2 25. Bxe2 Ba4 26. Rc7 a5 27. Rc5 Ra8 28. Kb2 Ra7 29. Kc3 Kf8 30. f4 Ke7 31. Bf3 Kd6 32. Kd4 f6 33. h4 Be8 34. g4 h6 35. g5 fxg5 36. hxg5 hxg5 37. Rxg5 Rf7 38. Ke3 Rf5 39. Rxf5 gxf5 40. Kd4 Bc6 41. Be2 Be4 42. a3 Bd5 43. Bd3 1/2-1/2

[Event "Belgorod Rector Cup 3rd"]
[Site "Belgorod"]
[Date "2007.03.08"]
[Round "6"]
[White "Leonov, Mikhail A"]
[Black "Shalimov, Valery"]
[Result "1/2-1/2"]
[WhiteElo "2446"]
[BlackElo "2393"]
[PlyCount "149"]
[EventDate "2007.03.04"]
[EventType "tourn"]
[EventRounds "9"]
[EventCountry "RUS"]
[EventCategory "7"]
[SourceTitle "EXT 2008"]
[Source "ChessBase"]
[SourceDate "2007.11.25"]
[SourceVersion "1"]
[SourceVersionDate "2007.11.25"]
[SourceQuality "1"]

1. d4 Nf6 2. Nf3 d5 3. e3 c5 4. dxc5 Qa5+ 5. Nbd2 Qxc5 6. b3 g6 7. Bb2 Bg7 8. Be2 0-0 9. 0-0 Rd8 10. Ne5 Nc6 11. Ndf3 Nxe5 12. Nxe5 Ne4 13. Nd3 Qc7 14. Bxg7 Kxg7 15. f3 Nc3 16. Qd2 e5 17. Nf2 Be6 18. Bc4 Nxa2 19. Rxa2 dxc4 20. Qc3 f6 21. Rfa1 a6 22. b4 Rd5 23. Ne4 Rad8 24. Re1 Rd1 25. Ra1 Rxe1+ 26. Rxe1 b6 27. Ra1 Qb7 28. h3 h5 29. h4 Rd7 30. Kf2 Bf5 31. Nd2 b5 32. Ke2 e4 33. Nf1 Rd6 34. Nd2 Qd5 35. Nf1 Kf7 36. Nd2 Ke6 37. Ke1 g5 38. hxg5 fxg5 39. Ke2 Qe5 40. Qxe5+ Kxe5 41. c3 exf3+ 42. Nxf3+ Kf6 43. Nd4 Kg6 44. Kf3 Rf6 45. e4 Bh3+ 46. Kg3 Bc8 47. Re1 h4+ 48. Kh2 Rf2 49. Kg1 Rf4 50. Re3 Kf7 51. Ne2 Rf6 52. Nd4 Ke7 53. Nf3 Rg6 54. Kh2 Bd7 55. Kg1 Rg8 56. Re1 Bg4 57. Nd4 Rg6 58. e5 Bc8 59. Kh2 g4 60. e6 Bxe6 61. Nf5+ Kd7 62. Nxh4 g3+ 63. Kg1 Rh6 64. Nf3 Bd5 65. Nd4 Rh4 66. Re3 a5 67. Nxb5 Kc6 68. Na3 axb4 69. cxb4 Rg4 70. Nb1 Rd4 71. Nc3 Rd3 72. Rxd3 cxd3 73. Kf1 d2 74. Ke2 Bxg2 75. Kxd2 1/2-1/2

[Event "Tula"]
[Site "Tula "]
[Date "2007.02.19"]
[Round "10"]
[White "Leonov, Mikhail A"]
[Black "Okrugin, Sergey"]
[Result "1/2-1/2"]
[WhiteElo "2446"]
[BlackElo "2350"]
[PlyCount "43"]
[EventDate "2007.02.13"]
[EventType "tourn"]
[EventRounds "15"]
[EventCountry "RUS"]
[EventCategory "7"]
[SourceTitle "EXT 2008"]
[Source "ChessBase"]
[SourceDate "2007.11.25"]
[SourceVersion "1"]
[SourceVersionDate "2007.11.25"]
[SourceQuality "1"]

1. c4 e5 2. Nc3 Nf6 3. e4 Bc5 4. d3 d6 5. Be2 Nc6 6. Nf3 Bg4 7. Bg5 h6 8. Be3 Bxe3 9. fxe3 0-0 10. 0-0 a5 11. Nd2 Bxe2 12. Qxe2 Nd7 13. Nd5 Ne7 14. Nc3 Nc6 15. Nd5 Nb4 16. a3 Nxd5 17. cxd5 Qe7 18. Rf3 c6 19. dxc6 bxc6 20. Rg3 Qe6 21. b3 Rab8 22. Rb1 1/2-1/2